000 00295nam a22001337a 4500
008 190227b xxu||||| |||| 00| 0 eng d
020 _a9780030128479
041 _aeng
080 _a591
100 _a7
101 _aZOO
245 _aComparative Animal Physiology
_cWithers
942 _2udc
_cBK
999 _c54359
_d54359